Statistiques concernant les 15 pays les moins visités au monde

Cliquez ici pour prendre le quiz!

Statistiques générales

  • Ce quiz a été pris 184 fois
  • Le résultat moyen est 5 sur 15

Statistiques - réponses

hintRéponse% Correct
1 ( 160 visiteurs)nauru
64%
7 (6000 visiteurs)kiribati
55%
3 (1200 visiteurs)tuvalu
55%
15 (24 400 visiteurs)iles salomon
48%
4 (4600 visiteurs)iles marshalls
41%
2 (400 visiteurs)somalie
38%
12 (13 300 visiteurs)afghanistan
36%
13 (21 000 visiteurs)comores
31%
5 (5500 visiteurs)soudan du sud
31%
10 (8697 visiteurs)turkménistan
28%
6 (5700 visiteurs)guinée équatoriale
23%
8 (6250 visiteurs)libye
23%
9 (7500 visiteurs)guinée bissau
21%
14 (24 000 visiteurs)liberia
19%
11 (10 000 visiteurs)sao tomé et principe
12%

Distribution des résultats

Percentile par nombre de réponses

% des personnes avec chaque résultat

Votre développement - résultats

Vous n’avez pas pris ce quiz